Supernatural - Dean Winchester - Statistics

General Stats
  • This quiz has been taken 393 times
  • The average score is 13 of 17
Answer Stats
Hint Answer % Correct
Dad John Winchester
99%
Brother Sam Winchester
99%
Mum Mary Winchester
97%
Dragged Dean up from hell Castiel
96%
Surrogate dad Bobby Singer
94%
Demon that calls him 'Squirrel' Crowley
93%
Half brother Adam Milligan
90%
Dean is whos true vessel Michael
90%
Knight of Hell
87%
Maternal Grandfather Samuel Campbell
86%
Who he lived with while Sam was in hell Lisa Braeden
78%
species other than Human Vampire
71%
Son of ^ Ben Braeden
67%
Who tortured Dean whilst in hell Alastair
61%
Paternal Grandfather Henry Winchester
58%
Ghost
43%
Jefferson Starship
9%
No matching quizzes found
Score Distribution
Percent of People with Each Score
Percentile by Number Answered
Your Score History
You have not taken this quiz